000 00510nam a2200181Ia 4500
005 20250326125223.0
008 250326s9999 xx 000 0 und d
037 _aTextbook
040 _aFMSL
_beng
_cFMSL
041 _aeng
_2eng
084 _aX5:516 K4
_qFMSL
100 _aRobinson E A G
245 0 _aStructure of competitive industry
_cRobinson E A G
260 _aChicago
_bChicago, Cambridge University
_c1964
300 _a156p
942 _cTB
_hX5:516 K4
999 _c1277065
_d1277065